[Event "Aragon-chT Honor Gr II"]
[Site "Aragon"]
[Date "2018.02.10"]
[Round "3.18"]
[White "Mimbela Lopez, Miguel Angel"]
[Black "Fernandez Rubio, Rafael"]
[Result "0-1"]
[WhiteElo "2144"]
[BlackElo "2056"]
[PlyCount "67"]
[EventDate "2018.01.27"]
[EventType "team-tourn"]
[EventRounds "7"]
[EventCountry "ESP"]
[SourceTitle "EXT 2019"]
[Source "ChessBase"]
[SourceDate "2018.10.10"]
[SourceVersion "1"]
[SourceVersionDate "2018.10.10"]
[SourceQuality "1"]
[WhiteTeam "Agrupacion"]
[BlackTeam "Tauste"]
[WhiteTeamCountry "ESP"]
[BlackTeamCountry "ESP"]

1. d4 d6 2. c4 e5 3. Nf3 e4 4. Nfd2 f5 5. e3 Nf6 6. Nc3 Be7 7. b3 0-0 8. Be2 c6 9. Bb2 d5 10. Qc2 Be6 11. h3 Na6 12. a3 Nc7 13. Na4 Nd7 14. g3 Rc8 15. Rc1 Bf6 16. Bc3 Be7 17. Qb2 g5 18. f4 exf3 19. Nxf3 b6 20. Bd3 Bd6 21. Qg2 Bxa3 22. Nb2 Bd6 23. h4 g4 24. Ng5 Qe8 25. 0-0 Nf6 26. Nxe6 Qxe6 27. Bd2 Nh5 28. Rf4 Nxf4 29. exf4 Qf6 30. Qf2 c5 31. cxd5 Qxd4 32. Be3 Qf6 33. Qg2 Rfe8 34. Bf2 0-1

[Event "Zaragoza Tejero Laman op 9th"]
[Site "Zaragoza"]
[Date "2017.09.17"]
[Round "7"]
[White "Mimbela Lopez, Miguel Angel"]
[Black "Lana Rodriguez, David"]
[Result "1-0"]
[WhiteElo "2144"]
[BlackElo "2284"]
[PlyCount "71"]
[EventDate "2017.09.17"]
[EventType "swiss (rapid)"]
[EventRounds "9"]
[EventCountry "ESP"]
[SourceTitle "CBM 180 Extra"]
[Source "ChessBase"]
[SourceDate "2017.10.06"]
[SourceVersion "1"]
[SourceVersionDate "2017.10.06"]
[SourceQuality "1"]

1. e4 d5 2. exd5 Qxd5 3. Nc3 Qa5 4. d4 Nf6 5. Bd2 c6 6. Bd3 Qd8 7. Nf3 Bg4 8. Be3 e6 9. h3 Bh5 10. 0-0 Be7 11. g4 Bg6 12. Ne5 Nbd7 13. f4 Bxd3 14. Qxd3 Qc7 15. Rae1 Bb4 16. g5 Bxc3 17. bxc3 Nd5 18. Bd2 Nxe5 19. fxe5 0-0-0 20. c4 Nb6 21. Bb4 Rd7 22. Bd6 Qd8 23. h4 h6 24. c5 Nd5 25. c4 Nc7 26. Rb1 hxg5 27. Qa3 Na6 28. Qxa6 gxh4 29. Qxa7 Qg5+ 30. Kh1 Rc7 31. Bxc7 Kd7 32. Qxb7 f5 33. Bd6+ Ke8 34. Qc8+ Kf7 35. Qxh8 Qg4 36. Rb7+ 1-0

[Event "Aragon-chT Preferente B"]
[Site "Aragon"]
[Date "2017.03.11"]
[Round "7.61"]
[White "Mimbela Lopez, Miguel Angel"]
[Black "Fernandez Rubio, Rafael"]
[Result "0-1"]
[WhiteElo "2146"]
[BlackElo "2079"]
[PlyCount "52"]
[EventDate "2017.01.28"]
[EventType "team-tourn"]
[EventRounds "9"]
[EventCountry "ESP"]
[SourceTitle "EXT 2018"]
[Source "ChessBase"]
[SourceDate "2017.10.13"]
[SourceVersion "1"]
[SourceVersionDate "2017.10.13"]
[SourceQuality "1"]
[WhiteTeam "Agrupacion II"]
[BlackTeam "Tauste"]
[WhiteTeamCountry "ESP"]
[BlackTeamCountry "ESP"]

1. e4 d6 2. d4 Nf6 3. Nc3 Nbd7 4. Bc4 e5 5. Nf3 Be7 6. 0-0 0-0 7. Qe2 c6 8. a4 b6 9. Rd1 Qc7 10. h3 a6 11. Ba2 Bb7 12. Nh4 exd4 13. Rxd4 Rfe8 14. Nf5 d5 15. Qf3 Bc5 16. Bf4 Ne5 17. Qg3 Nh5 18. Qg5 g6 19. Nh6+ Kg7 20. Rd3 Bxf2+ 21. Kh1 f6 22. Nf5+ Kh8 23. Qh6 Bc5 24. Ng3 Bf8 25. Bxe5 Qxe5 26. Qe3 d4 0-1

[Event "Aragon-chT Honor Titulo"]
[Site "Aragon"]
[Date "2016.04.09"]
[Round "10.11"]
[White "Mimbela Lopez, Miguel Angel"]
[Black "Newrkla, Katharina"]
[Result "1/2-1/2"]
[WhiteElo "2149"]
[BlackElo "2210"]
[PlyCount "118"]
[EventDate "2016.03.19"]
[EventType "team-tourn"]
[EventRounds "10"]
[EventCountry "ESP"]
[SourceTitle "EXT 2018"]
[Source "ChessBase"]
[SourceDate "2017.10.13"]
[SourceVersion "1"]
[SourceVersionDate "2017.10.13"]
[SourceQuality "1"]
[WhiteTeam "Agrupacion"]
[BlackTeam "El Olivar"]
[WhiteTeamCountry "ESP"]
[BlackTeamCountry "ESP"]

1. e4 c5 2. Nc3 Nc6 3. Nf3 g6 4. d4 cxd4 5. Nxd4 Bg7 6. Be3 Nf6 7. Bc4 d6 8. f3 0-0 9. Bb3 Bd7 10. Qd2 Rc8 11. Nxc6 bxc6 12. 0-0 Qc7 13. Bh6 Bxh6 14. Qxh6 d5 15. Qe3 Qb6 16. Qxb6 axb6 17. exd5 cxd5 18. Nxd5 Nxd5 19. Bxd5 Rxc2 20. Rf2 Rfc8 21. Bb3 R2c5 22. Rd1 Bb5 23. Rfd2 Kg7 24. Rd5 e6 25. Rd6 R8c6 26. Kf2 Kf6 27. f4 g5 28. a4 Rxd6 29. Rxd6 Bc6 30. fxg5+ Ke7 31. Rd4 Rxg5 32. g3 Rf5+ 33. Ke2 Rh5 34. h4 Ra5 35. Bc2 h6 36. Rb4 b5 37. axb5 Bxb5+ 38. Ke3 Bc6 39. Rb8 Re5+ 40. Kf2 Bb5 41. Bd1 Rd5 42. Be2 Bxe2 43. Kxe2 e5 44. Ke3 f5 45. b4 Rd1 46. b5 Rb1 47. Rb7+ Kd6 48. Rb6+ Kd5 49. Rxh6 Rb3+ 50. Kf2 Rxb5 51. Ra6 Rb2+ 52. Ke3 Rb3+ 53. Kf2 Rb2+ 54. Ke3 Rh2 55. Ra4 Ke6 56. Ra6+ Kf7 57. Ra5 Kf6 58. Ra6+ Kf7 59. Ra5 Kf6 1/2-1/2

[Event "Aragon-chT Honor GrA"]
[Site "Aragon"]
[Date "2015.03.07"]
[Round "7.7"]
[White "Martin Catalan, Juan Vicente"]
[Black "Mimbela Lopez, Miguel Angel"]
[Result "1/2-1/2"]
[WhiteElo "2087"]
[BlackElo "2148"]
[PlyCount "112"]
[EventDate "2015.01.24"]
[EventType "team-tourn"]
[EventRounds "7"]
[EventCountry "ESP"]
[SourceTitle "EXT 2017"]
[Source "ChessBase"]
[SourceDate "2016.10.25"]
[SourceVersion "1"]
[SourceVersionDate "2016.10.25"]
[SourceQuality "1"]
[WhiteTeam "Teruel"]
[BlackTeam "Agrupacion"]
[WhiteTeamCountry "ESP"]
[BlackTeamCountry "ESP"]

1. d4 e6 2. Nf3 f5 3. c4 Nf6 4. Nc3 d5 5. g3 c6 6. Bg2 Bd6 7. 0-0 0-0 8. Bf4 Bxf4 9. gxf4 Ne4 10. Qc2 Nd7 11. e3 Rf6 12. Ne5 Rh6 13. Bxe4 fxe4 14. f3 Nxe5 15. dxe5 exf3 16. Rxf3 Bd7 17. c5 Be8 18. Rg3 Bg6 19. Qd2 Qe7 20. Qd4 Rf8 21. Rf1 Bf5 22. Rf2 Rg6 23. Rfg2 Rxg3 24. Rxg3 Rb8 25. b3 b6 26. Na4 Qb7 27. Nc3 Qe7 28. Na4 Be4 29. h3 Qb7 30. Nc3 Bg6 31. Kh2 Qa6 32. Rg2 Qa5 33. Na4 b5 34. Nc3 b4 35. Na4 Qb5 36. Qd1 Be4 37. Rg1 Rf8 38. Qf1 Bd3 39. Qg2 Qb7 40. Qd2 Be4 41. Nb2 a5 42. Nd3 Qb5 43. Nf2 Bg6 44. Rc1 Ra8 45. Kg3 a4 46. bxa4 Rxa4 47. e4 Ra3+ 48. Kg2 Qa5 49. Rc2 dxe4 50. Qd6 Bf5 51. Qb8+ Kf7 52. Qb7+ Kg6 53. Qxc6 Rxa2 54. Qe8+ Kh6 55. Qe7 g6 56. Qg5+ Kg7 1/2-1/2

[Event "Aragon-chT Honor GrA"]
[Site "Aragon"]
[Date "2015.02.21"]
[Round "5.3"]
[White "Mimbela Lopez, Miguel Angel"]
[Black "Garza Marco, Sergio"]
[Result "0-1"]
[WhiteElo "2148"]
[BlackElo "2415"]
[PlyCount "78"]
[EventDate "2015.01.24"]
[EventType "team-tourn"]
[EventRounds "7"]
[EventCountry "ESP"]
[SourceTitle "EXT 2017"]
[Source "ChessBase"]
[SourceDate "2016.10.25"]
[SourceVersion "1"]
[SourceVersionDate "2016.10.25"]
[SourceQuality "1"]
[WhiteTeam "Agrupacion"]
[BlackTeam "Jaime Casas"]
[WhiteTeamCountry "ESP"]
[BlackTeamCountry "ESP"]

1. e4 d6 2. d4 g6 3. Nf3 Bg7 4. Be2 Nf6 5. Nc3 0-0 6. 0-0 c6 7. a4 Nbd7 8. a5 Qc7 9. Be3 e5 10. d5 cxd5 11. exd5 a6 12. Na4 e4 13. Ne1 Ne5 14. Nb6 Rb8 15. h3 Nfd7 16. Ra3 f5 17. Qc1 Nxb6 18. axb6 Qf7 19. f4 exf3 20. Nxf3 f4 21. Nxe5 Bxe5 22. Ra4 g5 23. Bf2 Bd7 24. Rb4 Rbe8 25. Bf3 Qg7 26. Qd1 Re7 27. Re1 Bf5 28. Rc4 Rfe8 29. Bh5 Bg6 30. Bg4 Bf7 31. Rce4 Kf8 32. c4 Bg6 33. R4e2 h5 34. Be6 Bf7 35. Bxf7 Kxf7 36. b4 g4 37. Re4 g3 38. Bxg3 Qxg3 39. Qxh5+ Qg6 0-1

[Event "Aragon-chT Honor GrA"]
[Site "Aragon"]
[Date "2013.02.02"]
[Round "2.10"]
[White "Garcia Monterde, Francisco Jose"]
[Black "Mimbela Lopez, Miguel Angel"]
[Result "1-0"]
[WhiteElo "2036"]
[BlackElo "2187"]
[PlyCount "49"]
[EventDate "2013.01.26"]
[EventType "team"]
[EventRounds "7"]
[EventCountry "ESP"]
[SourceTitle "EXT 2014"]
[Source "ChessBase"]
[SourceDate "2013.11.20"]
[SourceVersion "1"]
[SourceVersionDate "2013.11.20"]
[SourceQuality "1"]
[WhiteTeam "IberCaja II"]
[BlackTeam "Agrupacion"]
[WhiteTeamCountry "ESP"]
[BlackTeamCountry "ESP"]

1. c4 g6 2. Nc3 Bg7 3. g3 Nf6 4. Bg2 0-0 5. Nf3 d6 6. 0-0 Nc6 7. Rb1 e5 8. d3 h6 9. h3 Be6 10. b4 Kh7 11. b5 Ne7 12. Kh2 Nd7 13. Nd2 Nc5 14. Nb3 Nxb3 15. Qxb3 c6 16. bxc6 bxc6 17. Ba3 f5 18. Rfd1 Rf7 19. Qb4 d5 20. Na4 Ng8 21. Nc5 Bc8 22. Qa4 Rc7 23. Qa5 Nf6 24. Rdc1 d4 25. Bxc6 1-0

[Event "Aragon-chT Honor Titulo"]
[Site "Aragon"]
[Date "2012.03.24"]
[Round "8.11"]
[White "Mimbela Lopez, Miguel Angel"]
[Black "Garcia Vicente, Nieves"]
[Result "1/2-1/2"]
[WhiteElo "2178"]
[BlackElo "2198"]
[PlyCount "59"]
[EventDate "2012.02.04"]
[EventType "team-tourn"]
[EventRounds "11"]
[EventCountry "ESP"]
[SourceTitle "EXT 2014"]
[Source "ChessBase"]
[SourceDate "2013.11.20"]
[SourceVersion "1"]
[SourceVersionDate "2013.11.20"]
[SourceQuality "1"]
[WhiteTeam "Agrupacion"]
[BlackTeam "Actur Rey Fernando"]
[WhiteTeamCountry "ESP"]
[BlackTeamCountry "ESP"]

1. e4 e5 2. Nf3 Nc6 3. Bb5 Nf6 4. Qe2 Bc5 5. c3 Qe7 6. 0-0 0-0 7. d3 d6 8. h3 Bd7 9. Re1 a6 10. Ba4 h6 11. Nh2 Nh7 12. Be3 Bxe3 13. Qxe3 Qg5 14. Qxg5 Nxg5 15. Nd2 f5 16. Bb3+ Kh7 17. exf5 Bxf5 18. Ne4 Bxe4 19. dxe4 Rf5 20. f3 Ne7 21. Ng4 a5 22. a4 h5 23. Ne3 Rf6 24. Nd5 Nxd5 25. Bxd5 Rb8 26. b4 axb4 27. cxb4 Ne6 28. Bxe6 Rxe6 29. Rec1 c6 30. b5 1/2-1/2

[Event "Aragon-chT Honor I"]
[Site "Spain"]
[Date "2011.03.12"]
[Round "6.15"]
[White "Mimbela Lopez, Miguel Angel"]
[Black "Hernando Garcia, Antonio"]
[Result "1-0"]
[WhiteElo "2168"]
[BlackElo "2215"]
[PlyCount "39"]
[EventDate "2011.02.05"]
[EventType "team-tourn"]
[EventRounds "7"]
[EventCountry "ESP"]
[SourceTitle "EXT 2013"]
[Source "ChessBase"]
[SourceDate "2012.11.22"]
[SourceVersion "1"]
[SourceVersionDate "2012.11.22"]
[SourceQuality "1"]
[WhiteTeam "Agrupacion"]
[BlackTeam "Olivar"]
[WhiteTeamCountry "ESP"]
[BlackTeamCountry "ESP"]

1. e4 d5 2. exd5 Qxd5 3. Nc3 Qd8 4. d4 e6 5. Ne4 Nd7 6. Bc4 Ngf6 7. Ng5 Nd5 8. N1f3 h6 9. Ne4 c6 10. 0-0 Be7 11. Bb3 0-0 12. Ne5 N5f6 13. Nxf6+ Bxf6 14. Qh5 Nxe5 15. dxe5 Be7 16. Rd1 Qa5 17. Bxh6 gxh6 18. Rd3 Rd8 19. Rf3 Bg5 20. Rxf7 1-0

[Event "Aragon-chT Honor I"]
[Site "Spain"]
[Date "2011.03.05"]
[Round "5.3"]
[White "Mimbela Lopez, Miguel Angel"]
[Black "Ramiro Ovejero, Juan Luis"]
[Result "1/2-1/2"]
[WhiteElo "2168"]
[BlackElo "2365"]
[PlyCount "37"]
[EventDate "2011.02.05"]
[EventType "team-tourn"]
[EventRounds "7"]
[EventCountry "ESP"]
[SourceTitle "EXT 2013"]
[Source "ChessBase"]
[SourceDate "2012.11.22"]
[SourceVersion "1"]
[SourceVersionDate "2012.11.22"]
[SourceQuality "1"]
[WhiteTeam "Agrupacion"]
[BlackTeam "Jaime Casas"]
[WhiteTeamCountry "ESP"]
[BlackTeamCountry "ESP"]

1. d4 Nf6 2. c4 c5 3. d5 e5 4. Nc3 d6 5. e4 Be7 6. Be2 Nbd7 7. Nf3 Nf8 8. Bg5 Ng6 9. Qd2 h6 10. Bxf6 Bxf6 11. g3 a6 12. h4 Bd7 13. Nh2 Qc8 14. Qd1 Bd8 15. Bg4 Ba5 16. Bxd7+ Qxd7 17. a4 0-0 18. Qg4 Qxg4 19. Nxg4 1/2-1/2

[Event "Aragon-chT Honor I"]
[Site "Spain"]
[Date "2011.02.26"]
[Round "4.15"]
[White "Cantin Zaborras, Valentin"]
[Black "Mimbela Lopez, Miguel Angel"]
[Result "1/2-1/2"]
[WhiteElo "2085"]
[BlackElo "2168"]
[PlyCount "42"]
[EventDate "2011.02.05"]
[EventType "team-tourn"]
[EventRounds "7"]
[EventCountry "ESP"]
[SourceTitle "EXT 2013"]
[Source "ChessBase"]
[SourceDate "2012.11.22"]
[SourceVersion "1"]
[SourceVersionDate "2012.11.22"]
[SourceQuality "1"]
[WhiteTeam "Ramiro"]
[BlackTeam "Agrupacion"]
[WhiteTeamCountry "ESP"]
[BlackTeamCountry "ESP"]

1. e4 c5 2. Nf3 e6 3. c3 d5 4. exd5 Qxd5 5. d4 Nc6 6. Bd3 Nf6 7. Na3 Be7 8. Nb5 Qd8 9. dxc5 Bxc5 10. Bf4 Nd5 11. Bg3 a6 12. Nbd4 Nxd4 13. Nxd4 Bd6 14. Nf3 0-0 15. 0-0 Nf4 16. Bc2 Bc7 17. Qe1 Ng6 18. Rd1 Qe7 19. Bxc7 Qxc7 20. Qd2 b5 21. Be4 Bb7 1/2-1/2

[Event "Aragon-chT"]
[Site "Aragon"]
[Date "2009.01.31"]
[Round "2"]
[White "Mimbela Lopez, Miguel Angel"]
[Black "Lopez Alaya, Carlos"]
[Result "1-0"]
[WhiteElo "2210"]
[BlackElo "2014"]
[PlyCount "33"]
[EventDate "2009.01.24"]
[EventType "team-swiss"]
[EventRounds "9"]
[EventCountry "ESP"]
[SourceTitle "EXT 2011"]
[Source "ChessBase"]
[SourceDate "2010.11.26"]
[SourceVersion "1"]
[SourceVersionDate "2010.11.26"]
[SourceQuality "1"]

1. d4 d5 2. c4 e6 3. Nc3 c6 4. e4 Bb4 5. e5 Ne7 6. Nf3 Nd7 7. Bd3 dxc4 8. Bxc4 Nd5 9. 0-0 N5b6 10. Qb3 Nxc4 11. Qxc4 Bxc3 12. bxc3 Qa5 13. Bd2 Qb5 14. Qb3 Nb6 15. Ng5 Bd7 16. Ne4 Nc4 17. Qxc4 1-0

[Event "Aragon-chT"]
[Site "Aragon"]
[Date "2009.01.24"]
[Round "1"]
[White "Biarge Carnicer, Arturo"]
[Black "Mimbela Lopez, Miguel Angel"]
[Result "0-1"]
[WhiteElo "1858"]
[BlackElo "2210"]
[PlyCount "44"]
[EventDate "2009.01.24"]
[EventType "team-swiss"]
[EventRounds "9"]
[EventCountry "ESP"]
[SourceTitle "EXT 2011"]
[Source "ChessBase"]
[SourceDate "2010.11.26"]
[SourceVersion "1"]
[SourceVersionDate "2010.11.26"]
[SourceQuality "1"]

1. e4 e5 2. Bc4 Nc6 3. Nc3 Nf6 4. d3 Bc5 5. Nge2 Ng4 6. d4 exd4 7. Na4 Qh4 8. Ng3 Bd6 9. Qf3 Nge5 10. Qe2 Ne7 11. Bd3 Nxd3+ 12. Qxd3 b5 13. Qxb5 Bxg3 14. fxg3 Qxe4+ 15. Qe2 Qc6 16. b3 Ba6 17. Qf3 Nd5 18. Bd2 0-0 19. 0-0-0 d3 20. c4 Bxc4 21. Kb2 Rab8 22. Rc1 Qxa4 0-1

[Event "Aragon-chT Autonomico"]
[Site "Aragon"]
[Date "2007.01.27"]
[Round "1"]
[White "Mimbela Lopez, Miguel Angel"]
[Black "Antolin Concha, Diego"]
[Result "0-1"]
[WhiteElo "2232"]
[BlackElo "1954"]
[PlyCount "68"]
[EventDate "2007.01.27"]
[EventType "team-tourn"]
[EventRounds "9"]
[EventCountry "ESP"]
[SourceTitle "EXT 2008"]
[Source "ChessBase"]
[SourceDate "2007.11.25"]
[SourceVersion "1"]
[SourceVersionDate "2007.11.25"]
[SourceQuality "1"]
[WhiteTeam "Agrupacion"]
[BlackTeam "IberCaja II"]
[WhiteTeamCountry "ESP"]
[BlackTeamCountry "ESP"]

1. d4 Nf6 2. c4 e6 3. Nc3 Bb4 4. f3 0-0 5. e4 d5 6. e5 Nfd7 7. c5 b6 8. cxb6 axb6 9. a3 c5 10. Bb5 Qh4+ 11. Kf1 Qxd4 12. Qxd4 cxd4 13. Na4 Ra5 14. Bxd7 Bxd7 15. axb4 Rxa4 16. Rxa4 Bxa4 17. Ne2 Bb5 18. Kf2 Bxe2 19. Kxe2 Nc6 20. f4 Nxb4 21. Bd2 Nc6 22. Rc1 Rc8 23. Bb4 h6 24. Bd6 Na7 25. Rxc8+ Nxc8 26. Bc7 Kf8 27. Kd3 Ke7 28. Kxd4 Kd7 29. Bb8 Kc6 30. f5 exf5 31. e6 fxe6 32. Be5 g5 33. Bg7 Nd6 34. Bf8 Nf7 0-1

[Event "Autonomico-chT"]
[Site "Aragon"]
[Date "2005.04.02"]
[Round "9.4"]
[White "Glaria Murillo, Christian"]
[Black "Mimbela Lopez, Miguel Angel"]
[Result "1-0"]
[WhiteElo "2216"]
[BlackElo "2252"]
[PlyCount "103"]
[EventDate "2005.01.22"]
[EventType "team-tourn"]
[EventRounds "12"]
[EventCountry "ESP"]
[SourceTitle "EXT 2006"]
[Source "ChessBase"]
[SourceDate "2005.11.24"]
[SourceVersion "1"]
[SourceVersionDate "2005.11.24"]
[SourceQuality "1"]

1. c4 e5 2. g3 Nf6 3. Bg2 d5 4. cxd5 Nxd5 5. Nc3 Nb6 6. Nf3 Nc6 7. d3 Be7 8. 0-0 0-0 9. a3 a5 10. b3 Be6 11. Bb2 f6 12. Qc2 Nd7 13. Nb5 Nc5 14. Nd2 Nd4 15. Bxd4 exd4 16. Qb2 c6 17. Nxd4 Bd5 18. Bxd5+ Qxd5 19. Qc3 Rfd8 20. N2f3 f5 21. Rac1 Ne6 22. Nxe6 Qxe6 23. a4 Ra6 24. Qc4 Qd5 25. Rc2 Rb6 26. Rb1 Rb4 27. Qxd5+ Rxd5 28. Nd2 Kf7 29. Nc4 Bd8 30. Ne3 Re5 31. Rc4 g6 32. Kf1 Be7 33. Rxb4 Bxb4 34. Nc4 Re8 35. Rd1 Rd8 36. e3 Ke6 37. Ke2 b5 38. Nd2 Rb8 39. Rc1 Kd6 40. Nf3 bxa4 41. bxa4 Ba3 42. Rc4 Rb2+ 43. Kf1 c5 44. Ng5 Rd2 45. Nxh7 Rxd3 46. Nf8 Kd5 47. Rc2 g5 48. h4 gxh4 49. gxh4 Ke4 50. Ke2 Rd8 51. Ng6 Rg8 52. f3+ 1-0

[Event "Autonomico-chT"]
[Site "Aragon"]
[Date "2005.01.22"]
[Round "1.20"]
[White "Garcia Alvarez, Carlos"]
[Black "Mimbela Lopez, Miguel Angel"]
[Result "0-1"]
[WhiteElo "1763"]
[BlackElo "2252"]
[PlyCount "52"]
[EventDate "2005.01.22"]
[EventType "team-tourn"]
[EventRounds "12"]
[EventCountry "ESP"]
[SourceTitle "EXT 2006"]
[Source "ChessBase"]
[SourceDate "2005.11.24"]
[SourceVersion "1"]
[SourceVersionDate "2005.11.24"]
[SourceQuality "1"]

1. e4 c5 2. d3 g6 3. g3 Bg7 4. Bg2 Nc6 5. f4 e6 6. Nf3 Nge7 7. 0-0 d6 8. c3 0-0 9. Be3 b6 10. Nbd2 Ba6 11. Nb3 d5 12. Rf2 d4 13. cxd4 cxd4 14. Bc1 Rc8 15. Nh4 f5 16. g4 Nb4 17. Rf3 fxg4 18. Rg3 Nc2 19. Rb1 Ne3 20. Bxe3 dxe3 21. Rxe3 Rxf4 22. Rg3 g5 23. Rxg4 Rxg4 24. Qxg4 gxh4 25. Qxe6+ Kh8 26. Bf1 Ng6 0-1

[Event "Aragon-chT"]
[Site "Aragon"]
[Date "2003.02.15"]
[Round "4"]
[White "Soriano Ascaso, Ignacio"]
[Black "Mimbela Lopez, Miguel Angel"]
[Result "1-0"]
[WhiteElo "2183"]
[BlackElo "2252"]
[PlyCount "97"]
[EventDate "2003.02.??"]
[EventType "team"]
[EventRounds "9"]
[EventCountry "ESP"]
[SourceTitle "EXT 2004"]
[Source "ChessBase"]
[SourceDate "2003.11.25"]
[SourceVersion "1"]
[SourceVersionDate "2003.11.25"]
[SourceQuality "1"]

1. Nc3 c5 2. e4 Nc6 3. Bb5 g6 4. Bxc6 bxc6 5. f4 d5 6. Nf3 Bg7 7. 0-0 e6 8. d3 Ne7 9. Qe1 c4 10. dxc4 d4 11. Ne2 d3 12. cxd3 Qxd3 13. e5 Qxc4 14. b3 Qc5+ 15. Kh1 Ba6 16. a4 Nd5 17. Ng5 Qc2 18. Rf2 0-0 19. Ba3 Rfc8 20. Nd4 Qd3 21. Rd1 Qc3 22. Ne4 Qxe1+ 23. Rxe1 g5 24. Nc5 Nxf4 25. Rxf4 gxf4 26. Nxa6 Rd8 27. Nxc6 Rd3 28. Nc5 Re3 29. Rxe3 fxe3 30. Nd3 Kh8 31. b4 Bf8 32. Bc1 e2 33. Bd2 a6 34. Kg1 Rc8 35. b5 axb5 36. axb5 Rc7 37. Kf2 e1Q+ 38. Bxe1 Rb7 39. Nd4 Kg7 40. Ke3 Be7 41. Ke4 Rd7 42. b6 Rb7 43. Ba5 Kf8 44. Nc6 Ke8 45. Nxe7 Kxe7 46. Nc5 Rb8 47. b7 f5+ 48. exf6+ Kd6 49. Bc7+ 1-0

[Event "Aragon-chT"]
[Site "Aragon"]
[Date "2003.02.01"]
[Round "2"]
[White "Salamero Pelay, Fernando"]
[Black "Mimbela Lopez, Miguel Angel"]
[Result "0-1"]
[WhiteElo "2145"]
[BlackElo "2252"]
[PlyCount "96"]
[EventDate "2003.02.??"]
[EventType "team"]
[EventRounds "9"]
[EventCountry "ESP"]
[SourceTitle "EXT 2004"]
[Source "ChessBase"]
[SourceDate "2003.11.25"]
[SourceVersion "1"]
[SourceVersionDate "2003.11.25"]
[SourceQuality "1"]

1. e4 c5 2. Nf3 Nc6 3. d4 cxd4 4. Nxd4 e5 5. Nb5 d6 6. N1c3 a6 7. Na3 Be6 8. Nc4 b5 9. Ne3 Nf6 10. Ned5 Bxd5 11. Nxd5 Nxd5 12. Qxd5 Qc8 13. c3 Be7 14. a4 b4 15. Bc4 0-0 16. Be3 bxc3 17. bxc3 Na5 18. Qxa5 Qxc4 19. Qb4 Rfc8 20. Bd2 Qc6 21. Rb1 a5 22. Qb7 Qxa4 23. 0-0 Bf8 24. Ra1 Qc6 25. Qxc6 Rxc6 26. Ra4 Be7 27. Rfa1 Bd8 28. c4 Kf8 29. Kf1 Ke8 30. Ke2 Kd7 31. Kd3 Rca6 32. Bc3 Kc6 33. Kc2 Bb6 34. f3 f6 35. Kd3 g6 36. R1a2 f5 37. g3 R6a7 38. Be1 Bc7 39. h3 Rb7 40. Kc2 Bb6 41. Kd3 Rf7 42. R2a3 h5 43. Bd2 Bd8 44. Ra1 Rb7 45. R1a3 Bb6 46. Be1 Bc5 47. Rxa5 Rxa5 48. Rxa5 Rb3+ 0-1